LEADER 00806nam0 2200265 450 001 000025008 005 20090325120020.0 100 $a20090325d1966----km-y0itay50------ba 101 0 $aeng 102 $aUS$aGB 105 $ay-------001yy 200 1 $a<>theory of price$fGeorge J. Stigler 205 $a3rd ed. 210 $aNew York$cMacmillan$aLondon$cCollier-Macmillan$dc1966 215 $aVIII, 355 p.$d22 cm 500 10$a<>theory of price$943823 610 1 $aPrezzi 676 $a338.52$v19$9Economia generale della produzione. Prezzi 676 $a338.52$v20$9Prezzi 700 1$aStigler,$bGeorge Joseph$0119846 801 0$aIT$bUNIPARTHENOPE$c20090325$gRICA$2UNIMARC 912 $a000025008 951 $a022/32$b2213$cNAVA2 996 $aTheory of price$943823 997 $aUNIPARTHENOPE